000 00520nam a2200181Ia 4500
999 _c13943
_d13943
003 OSt
005 20201028101450.0
008 190216s9999||||xx |||||||||||||| ||und||
020 _a9780349106069
040 _coclc
082 _a823.914
_bMOR/F
100 _aMorley, John David
_96126
245 4 _aThe Feast Of Fools /
_cJohn David Morley
260 _bAbacus,
_c1994.
_aLondon:
300 _a424p
650 _aEnglish Novel-English Novel
942 _cBK
_2ddc
_h823.914
_iMOR/F
_k823.914
_mMOR/F